| 000 | 00856nam a2200253 a 4500 | ||
|---|---|---|---|
| 001 | 000012752 | ||
| 005 | 20200929163052.0 | ||
| 008 | 091116s1966 mx 000 f spa d | ||
| 040 |
_aDO-SdBNP _bspa _cBNPHU |
||
| 041 | 1 | 7 |
_aspa _hfre _2Código de idioma MARC |
| 082 |
_a891.553 _bH452L |
||
| 100 | 1 |
_aHedayat, Sadegh, _d1903-1951 _929540 |
|
| 240 | 1 | 3 |
_aLa chouette aveugle _lespañol |
| 245 | 1 | 3 |
_aLa lechuza ciega / _cSadegh Hedayat ; traductor, Agustí Bartra. |
| 260 |
_aMéxico : _bJoaquín Mortiz, _c1966. |
||
| 300 |
_a155 ; _c18 cm. |
||
| 490 | 1 | _aSerie del valador | |
| 534 |
_pTítulo original en francés: _tLa chouette aveugle _cParís : Librairie José Corti, 1953 |
||
| 650 | 4 |
_aNovela persa _929541 |
|
| 650 | 4 |
_aLiteratura persa _929542 |
|
| 700 | 1 |
_aBartra, Agustí, _etr. _911600 |
|
| 830 | 0 |
_aSerie del valador _929543 |
|
| 049 | _aBNGR | ||
| 999 |
_c12403 _d12403 |
||